[Event "Trapiche Alagoano op 49th"]
[Site "Trapiche"]
[Date "2023.12.15"]
[Round "1"]
[White "Schetter, Clandio Luiz"]
[Black "Da Silva, Lucas Fabricio De O"]
[Result "1-0"]
[WhiteElo "2027"]
[BlackElo "1801"]
[PlyCount "63"]
[EventDate "2023.12.15"]
[EventType "swiss"]
[EventRounds "6"]
[EventCountry "BRA"]
[SourceTitle "CB51_2023"]
[SourceDate "2023.12.20"]
[SourceVersion "1"]
[SourceVersionDate "2023.12.20"]
[SourceQuality "1"]

1. d4 d5 2. Nf3 Nf6 3. g3 Bf5 4. Bg2 e6 5. 0-0 Bd6 6. c4 c6 7. Qb3 Qb6 8. c5 Qxb3 9. axb3 Bc7 10. Nc3 Ne4 11. Nh4 Nxc3 12. bxc3 Bc2 13. Ra2 Bg6 14. Nxg6 hxg6 15. e4 b5 16. Re1 Kf8 17. exd5 exd5 18. Rae2 Nd7 19. Re7 Rd8 20. Bd2 Bb8 21. c4 Nf6 22. Ba5 Rc8 23. cxb5 cxb5 24. Rb7 Rh7 25. Rxb5 Ne8 26. Bxd5 Nc7 27. Rxb8 Rxb8 28. Bxc7 Rc8 29. Bd6+ Kg8 30. Re7 Rh5 31. Bxf7+ Kh8 32. Bxg6 1-0